| 000 | 00899nas a2200313 4500 | ||
|---|---|---|---|
| 001 | BR0302478 | ||
| 003 | BR-BrBNA | ||
| 005 | 20231205103807.0 | ||
| 007 | ta | ||
| 008 | 230509b bl.|||p| |||| 00| 00por d | ||
| 040 |
_aBR-BrBNA _bpor _cBiblioteca Nacional de Agricultura |
||
| 041 | _a(Pt) | ||
| 072 | _aP33 | ||
| 100 | 1 | _aRocha, W.S.D. | |
| 100 | 1 | _aAlleoni, L.R.F. | |
| 100 | 1 | _aRegitano, J.B. | |
| 245 | 1 | _aEnergia livre da sorção de imazaquin em solos ácricos | |
| 650 | _aSOLO TROPICAL | ||
| 650 | _aAMOSTRAGEM | ||
| 650 | _aPESTICIDA | ||
| 650 | _aPH | ||
| 650 | _aÓXIDO DE FERRO | ||
| 650 | _aPOTENCIAL ELÉTRICO | ||
| 650 | _aSORÇÃO | ||
| 650 | _aQUÍMICA DO SOLO | ||
| 773 | 0 |
_tRevista Brasileira de Ciência do Solo (Brazil) _xISSN 0100-0683 _g(Mar-Apr 2003), v. 27(2) p. 239-246 _wBR0302478 |
|
| 909 |
_a202311 _bLúcia _c55 _dLúcia Elande |
||
| 942 |
_2AGRIS _n0 _cANA |
||
| 999 |
_c174763 _d174763 |
||